Statistics for Random Doctor Who Trivia

Click here to take the quiz!

General Stats

  • This quiz has been taken 783 times
  • The average score is 10 of 17

Answer Stats

HintAnswer% Correct
The Doctor's long lost companion owned by Sarah Jane SmithK-9
91%
Captain Jack Harkness eventually becomes this.The Face of Boe
88%
These, along with bow-ties, are 'cool'.Fezzes (and Stetsons)
82%
What the TARDIS tells the Doctor to call her.Sexy
80%
The Eleventh Doctor thinks incorrectly that he is this shortly after regenerating.a girl
76%
Location of a Sontaran's weak spot.back of the neck
72%
The city where show is based and mostly shot.Cardiff
71%
The Master's alias on EarthHarold Saxon
63%
Rose challenges the Doctor by saying he's not very good at this activity.dancing
56%
Name the episode: "Lots of places have a north."Rose
55%
The Doctor's true namen/a
51%
A famous writer who the Doctor is his number one fanatic.Charles Dickens
47%
The large inhabitant of the Impossible PlanetSatan
47%
These aliens technology includes the Genesis Ark.Time Lords
43%
The TV show's amazing composer.Murray Gold
32%
The object Amy and Rory read River Song's name in Gallifreyan.a crib
27%
The Doctor's sometimes companion, who has lived with him, but never been in the TARDIS.Craig
25%

Score Distribution

Percentile by Number Answered

Percent of People with Each Score

Your Score History

You have not taken this quiz